3D Studio MAX 2.x /

保存先:
書誌詳細
第一著者: Bùi Kiến Quốc
フォーマット: 図書
言語:Vietnamese
出版事項: TKE 2000
タグ: タグ追加
タグなし, このレコードへの初めてのタグを付けませんか!
Thư viện lưu trữ: Mạng thư viện Đại học Đà Nẵng
LEADER 00624nam a2200265 4500
001 000026400
003 3DMAX2
005 20150403120000.0
008 150403s vm 000 vie
020 |c 0,0000 
040 |a notts 
100 |a Bùi Kiến Quốc 
245 |a 3D Studio MAX 2.x /  |c Bùi Kiến Quốc, nhómtác giả ELICOM. 
260 |b TKE  |c 2000 
OWN |a LTT 
999 |a From the UDN01 
TYP |a Monograph 
TYP |a Printed language 
980 |a Mạng thư viện Đại học Đà Nẵng